| 000 | 00417nam a22001457a 4500 | ||
|---|---|---|---|
| 020 | _qHB. | ||
| 040 | _cFIZZA ISHAQ | ||
| 082 |
_a692 _bWIL |
||
| 100 |
_aKYMMELL, WILLEM. _990463 |
||
| 245 |
_aBUILDING INFORMATION MODELING PLANNING AND MANAGING CONSTRUCTION PROJECTS WITH 4D CAD AND SIMULATIONS / _cWILLEM KYMMELL. |
||
| 250 | _a1st ED. | ||
| 260 |
_bMC GRAW HILL, _c2008. |
||
| 300 | _a261 P. ; | ||
| 942 |
_2ddc _cBK |
||
| 999 |
_c588672 _d588672 |
||